Catálogo

VISION Y DISEÑO (Registro nro. 52549)

Detalles MARC
000 -LEADER
fixed length control field 00439nam a2200181 a 4500
001 - CONTROL NUMBER
control field 52549
005 - DATE AND TIME OF LATEST TRANSACTION
control field 20180714042435.0
008 - FIXED-LENGTH DATA ELEMENTS--GENERAL INFORMATION
fixed length control field 140415s1988 sp 000 0 spa d
041 ## - LANGUAGE CODE
Language code of text/sound track or separate title spa
082 ## - DEWEY DECIMAL CLASSIFICATION NUMBER
Classification number 701.17
Item number FRY
100 1# - MAIN ENTRY--PERSONAL NAME
Personal name FRY, ROGER
245 10 - TITLE STATEMENT
Title VISION Y DISEÑO
260 ## - PUBLICATION, DISTRIBUTION, ETC.
Place of publication, distribution, etc. ESPAÑA :
Name of publisher, distributor, etc. PAIDOS,
Date of publication, distribution, etc. 1988
300 ## - PHYSICAL DESCRIPTION
Extent 248
490 ## - SERIES STATEMENT
Series statement PAIDOS ESTETICA
Volume/sequential designation 13
650 14 - SUBJECT ADDED ENTRY--TOPICAL TERM
Topical term or geographic name entry element ESTETICA
700 1# - ADDED ENTRY--PERSONAL NAME
Personal name GRAU, ELENA
Relator term tr.
Existencias
Withdrawn status Lost status Source of classification or shelving scheme Damaged status Not for loan Collection code Home library Current library Shelving location Date acquired Source of acquisition Inventory number Total Checkouts Full call number Barcode Date last seen Date last checked out Price effective from Koha item type
    Dewey Decimal Classification     General Biblioteca Karol Wojtyla Biblioteca Karol Wojtyla Sala general 03/12/2013 Compra 151000000000000000028600 1 701.17 FRY 7807 05/01/2026 31/08/2018 03/12/2013 Libro